000 00901nam a22002057a 4500
999 _c49533
_d49533
005 20251125233012.0
008 s2548 th tha d
020 _a9749907884
040 _aNALT
041 _atha
050 _aDS578.32 ส472ล 2548
100 0 _aพิมพวัลคุ์ เสถบุตร
245 1 0 _aลิขิตชีวิต สอ เสถบุตร การต่อสู้และผลงานพจนานุกรมอันยิ่งใหญ่ในคุก
260 3 _aกรุงเทพฯ :
_bนานมีบุ๊คส์พับลิเคชั่น,
_c2548
300 _a277 หน้า :
_bภาพประกอบ ;
_c21 ซม.
650 0 4 _aสอ เสถบุตร -- ชีวประวัติ
850 _aNALT
856 4 0 _uhttps://hdl.handle.net/20.500.14156/401780
_71
942 _cGB
_2lcc